00414nam a22001217a 4500999001700000100002800017100001100045245006300056260003000119700004200149942001100191952009000202 c58363d58360 aSyed Mohammad Aftab Ali a07ME02 aDevelopment of Cotton Fiber Reinforced Composite Material  aNawabshah:bQUEST,c2007. aDepartment of Mechanical Engineering  cTHESIS 00104070aQUESTCLbRESEARCHd2018-04-19l0pMEP/21-245r2018-04-19 00:00:00yTHESIS